000 00380nam a2200157Ia 4500
008 230719s9999 xx 000 0 und d
041 _aeng
082 _a823.91
_bROW
100 _aRowling J.K.
245 _aHarry Potter And The Philosopher's Stone Vol-1
260 _c2014
_bBloomsbury
300 _a331
365 _cRs.
_b340.00
700 _aRowling J.K.
906 _b170
999 _c354634
_d354634